Carte séquentielle aléatoire des départements - Erreur interdite - Statistiques

Statistiques générales
  • Ce quiz a été pris 40 937 fois
  • Le résultat moyen est 9 sur 101
Réponses sur la Carte
Les réponses sont colorées sur une échelle allant du rouge au vert en fonction du pourcentage des utilisateurs qui les ont devinées à leur premier essai. Vous pouvez retrouver ces pourcentages ci-dessous.
 
Statistiques - réponses
Département % Correct
Finistère
13%
Guyane
13%
Haute-Corse
13%
Landes
13%
Nord
13%
Alpes-Maritimes
12%
Bas-Rhin
12%
Charente-Maritime
12%
Gironde
12%
La Réunion
12%
Manche
12%
Mayotte
12%
Ardennes
11%
Calvados
11%
Corse-du-Sud
11%
Deux-Sèvres
11%
Guadeloupe
11%
Hauts-de-Seine
11%
Martinique
11%
Paris
11%
Rhône (et métropole de Lyon)
11%
Seine-Maritime
11%
Territoire de Belfort
11%
Vendée
11%
Aisne
10%
Ardèche
10%
Aveyron
10%
Bouches-du-Rhône
10%
Cantal
10%
Côtes-d'Armor
10%
Doubs
10%
Gard
10%
Haute-Garonne
10%
Hérault
10%
Ille-et-Vilaine
10%
Isère
10%
Loire-Atlantique
10%
Meurthe-et-Moselle
10%
Morbihan
10%
Oise
10%
Orne
10%
Pas-de-Calais
10%
Pyrénées-Atlantiques
10%
Pyrénées-Orientales
10%
Somme
10%
Val-d'Oise
10%
Var
10%
Ain
9%
Côte-d'Or
9%
Dordogne
9%
Drôme
9%
Essonne
9%
Eure
9%
Eure-et-Loir
9%
Hautes-Pyrénées
9%
Haut-Rhin
9%
Jura
9%
Loire
9%
Lozère
9%
Marne
9%
Meuse
9%
Moselle
9%
Seine-et-Marne
9%
Vaucluse
9%
Vosges
9%
Yvelines
9%
Allier
8%
Alpes-de-Haute-Provence
8%
Ariège
8%
Aude
8%
Charente
8%
Cher
8%
Creuse
8%
Gers
8%
Haute-Loire
8%
Hautes-Alpes
8%
Haute-Savoie
8%
Indre
8%
Loiret
8%
Loir-et-Cher
8%
Maine-et-Loire
8%
Mayenne
8%
Nièvre
8%
Puy-de-Dôme
8%
Saône-et-Loire
8%
Sarthe
8%
Savoie
8%
Seine-Saint-Denis
8%
Tarn
8%
Yonne
8%
Aube
7%
Corrèze
7%
Haute-Marne
7%
Haute-Saône
7%
Haute-Vienne
7%
Indre-et-Loire
7%
Lot
7%
Lot-et-Garonne
7%
Tarn-et-Garonne
7%
Val-de-Marne
7%
Vienne
7%
Aucun quiz correspondant
Distribution des résultats
% des personnes avec chaque résultat
Percentile par nombre de réponses
Votre historique - résultats
Vous n’avez pas pris ce quiz